000 01146cas a2200349 a 4500
001 15154159
005 20180228033617.0
008 080125c20099999nyugr 0 a0eng d
010 _a 2008202418
022 0 _a1942-0455
_y0198-7518
_21
035 _a(OCoLC)ocn212100368
037 _bMcGraw-Hill Companies, Inc., 1221 Avenue of the Americas, New York, NY 10020
040 _aLSH
_beng
_cLSH
_dLSH
_dDLC
_dOCLCQ
_dGUA
_dOCLCF
_dOCLCO
_dOCLCQ
041 _aeng
042 _alccopycat
_ansdp
043 _an-us---
080 _a371.90973 SAM
082 0 0 _a371.90973 SAM
_222
100 _a25
101 _aEDU
222 0 _aEducating children with exceptionalities
245 0 0 _aEducating children with exceptionalities.
310 _aBiennial
362 0 _a19th ed. (08/09)-
780 0 0 _tEducating exceptional children
_x0198-7518
_w(DLC) 79644171
_w(OCoLC)5460219
906 _a7
_bcbc
_cserials
_d2
_encip
_f20
_gn-oclcserc
942 _2ddc
_cBK
999 _c43673
_d43673